00869nam a2200229 a 4500008004100000020003200041040002500073041001300098044001100111080001200122100003100134245016000165250001300325260004900338300002800387500003300415700004600448700002600494958000600520999001700526952009600543951121s1987||||[C 0 slo c c20 Kčs. q(22500 výtl.) aSNKbslocSNKeAACR21 aslohscc axocSK a886.1-91 aMilovanovič, Nikola4aut10aVyzvedač storočiabKto je: Stirlitz, Liebel, Fred, Colins, Goldfuss, Abel?cNikola Milovanovič ; Želmíra Sirácka-Babušková, Karol Rosmány a2., vyd. aBratislavabPravdac1987eBratislavafPravda a208 s., 11,88 AHc20 cm aLit. 9. Rozlož. tit. list.1 aSirácka-Babušková, Želmíra4trl1 aRosmány, Karol4bkd aA c12212d12212 001040708Ka10000b10000d2019-11-29g20.00i11510oB 5636r2019-11-29w2019-11-29yKLDO